| 000 | 00637nam a2200217Ia 4500 | ||
|---|---|---|---|
| 008 | 160418s9999 xx 000 0 und d | ||
| 020 | _a971-574-030-8 | ||
| 050 | _aFIL PN 6014 | ||
| 050 | _b.A43 2000 | ||
| 100 | _aAlcantara, Rebecca D. | ||
| 245 | _aIntroduction to world literature : | ||
| 245 | _ban adventure in human experience / | ||
| 245 | _cRebecca D. Alcantara, Josefina Q. Cabanilla, Alejandro J. Casambre. | ||
| 260 | _aQuezon City: | ||
| 260 | _bKatha Pub. Co., Inc., | ||
| 260 | _c2000 | ||
| 300 | _a470 pages : | ||
| 300 | _billustrations ; | ||
| 300 | _c26 cm. | ||
| 650 | _aLiterature -- Collected works. | ||
| 999 |
_c293526 _d293526 |
||